Taylor Swift songs by lyrics - Statistics

General Stats
  • This quiz has been taken 108 times
  • The average score is 7 of 15
Answer Stats
Hint Answer % Correct
"It's me, hi." Anti-Hero
95%
"Devils roll the dice, angels roll their eyes." Cruel Summer
85%
"Nothin' lasts forever, but this is gettin' good now." Wildest Dreams
62%
"Heartbreak is the national anthem. We sing it proudly." New Romantics
60%
"How evergreen, our group of friends." Champagne Problems
53%
"Dancin' in your Levi's, drunk under a streetlight." Cardigan
49%
"All's well that ends well to end up with you." Lover
49%
"Uh oh, I'm falling in love," Labyrinth
46%
"I want your midnights." New Year's Day
39%
"Hell was the journey but it brought me heaven." Invisible String
35%
"This happens once every few lifetimes." The Alchemy
33%
"Barefoot in the kitchen, sacred new beginnings." Cornelia Street
26%
"The devil's in the details, but you got a friend in me," Peace
26%
"Argumentative, antithetical dream girl." Hits Different
22%
"My smile is like I won a contest." Snow On the Beach
18%
No matching quizzes found
Score Distribution
Percent of People with Each Score
Percentile by Number Answered
Your Score History
You have not taken this quiz